| 000 | 00353nam a2200133Ia 4500 | ||
|---|---|---|---|
| 008 | 240624s9999 xx 000 0 und d | ||
| 041 | _aeng | ||
| 082 | _a658.4092 FOS | ||
| 100 | _aJENKINS GREG | ||
| 245 | _aIDEASHIP HOW TO GET IDEAS FLOWING IN YOU | ||
| 260 |
_c2001 _aSan Francisco _bBerrett-Koehler Publishers |
||
| 300 | _a128 : p. | ||
| 365 |
_c _b25 |
||
| 999 |
_c22120 _d22120 |
||